Lana Del Rey songs A-Z - Statistics

General Stats
  • This quiz has been taken 517 times
  • The average score is 17 of 23
Answer Stats
Hint Answer % Correct
B Bartender | Beautiful People | Beautiful People | Bel Air | Big Eyes | Black Beauty | Black Bathing Suit | Blue Banisters | Blue Jeans | Blue Velvet | Body Electric | Born to Die | Brooklyn Baby | Burning Desire | Burnt Norton | Breaking Up Slowly
97%
C California | Candy Necklace | Carmen | Change | Chemtrails over the country club | Cherry | Cherry Blossom | Cinnamon girl | Coachella - Woodstock in my mind | Cola | Cruel World
95%
L Let Me Love You Like a Woman | Let the Light In | Lolita | Looking for America | Love | Love song | Lucky ones | Lust for Life | Living Legend
89%
S Sad Girl | Say Yes to Heaven | Season of the Witch | Shades of Cool | Snow on the Beach | Stargirl Interlude | Summer Bummer | Summertime Sadness | Swan Song | Salvatore | Sweet | Sweet Carolina
89%
A A&W | American | Arcadia | Art Deco
86%
T Terrence Loves You | Text book | The Blackest Day | The Grants | The Greatest | The Next Best American Record | This is What Makes Us Girls | Tomorrow Never Came | Tough | The Other Woman | Taco Truck x VB | Thunder | Tulsa Jesus Freak
82%
Y Yayo | Yosemite | Young and Beautiful
82%
D Dance til We Die | Dark but Just Again | Dark Paradise | Dealer | Did You Know That There’s a Tunnel | Diet Mountain Dew | Doin’ time | Don’t Call Me Angel
80%
F Fingertips | Fishtail | Flipside | Florida Kilos | For Free | Freak | Fuck it I Love You | Fucked My Way Up to the Top
80%
H Happiness is a Butterfly | Heroine | High by the Beach | Honeymoon | Hope is a Dangerous Thing | How to Disappear | Hey Blue Baby
79%
M Mariners apartment complex | Million Dollar Man | Money Power Glory | Music to Watch Boys To | Margaret
79%
W Watercolour Eyes | West Coast | When the World Was at War We Kept Dancing | White Dress | White Mustang | Wildflower | Wildfire | Without You | Wild at Heart
78%
V Venice Bitch | Video Games | Violets for Roses
77%
N National Anthem | Norman Fucking Rockwell | Nectar of the Gods | Not All Who Wander are Lost
73%
G Get Free | God Bless America - and All the Beautiful Women in It | God Knows I Tried | Gods & Monsters | Groupie Love | Guns and Roses | Grandfather Please Stand on the Shoulders
70%
U Ultraviolence
70%
R Radio | Religion | Ride
67%
# 13 beaches | 24
61%
P Paris, Texas | Pretty When You Cry | Party Monster | Peppers
58%
O Off To the Races | Old Money
54%
K Kintsugi
41%
I I Can Fly | In My Feelings | Is This Happiness | I Must Be Stupid For Being So Happy | If You Lie Down With Me | Interlude - The Trio
40%
J John Batiste Interlude | Judah Smith Interlude
25%
No matching quizzes found
Score Distribution
Percent of People with Each Score
Percentile by Number Answered
Your Score History
You have not taken this quiz